000 00621nam a2200205Ii 4500
003 JO-AjNU
008 230606s9999||||xx |||||||||||||| ||und||
020 _a978-0-359-83986-6
040 _aJO-AjNU
_beng
_erda
_cJO-AjNU
041 _aeng
050 1 4 _aHF5635 1999
100 3 _aGray, sidney.J, Bleverd E. Needles, Jr,
_eauthor
_96837
245 0 0 _aFINANCIAL ACCOUNTING: A GLOBAL APPROACH
264 3 1 _aBoston:Houghton Mifflin Company,1999
300 _a599P
336 _atext
_btxt
_2rdacontent
337 _aunmediated
_bn
_2rdamedia
338 _avolume
_bnc
_2rdacarrier
650 4 _aFINANCIAL ACCOUNTING
_96838
999 _aE5568
_c3543
_d3543